[Event "Mecklenburg VP-ch op"]
[Site "Greifswald"]
[Date "2021.06.24"]
[Round "1"]
[White "Kriese, Ralf"]
[Black "Moeller, Peter1111"]
[Result "1-0"]
[WhiteElo "1691"]
[BlackElo "1666"]
[PlyCount "73"]
[EventDate "2021.06.24"]
[EventType "swiss"]
[EventRounds "7"]
[EventCountry "GER"]
[SourceTitle "EXT 2022"]
[Source "ChessBase"]
[SourceDate "2021.10.06"]
[SourceVersion "1"]
[SourceVersionDate "2021.10.06"]
[SourceQuality "1"]

1. e4 d6 2. d4 g6 3. f4 Bg7 4. c3 Nd7 5. Nf3 e6 6. Be2 Ne7 7. 0-0 0-0 8. Be3 b6 9. Nbd2 Bb7 10. e5 Nf5 11. Bf2 d5 12. b4 Qc8 13. a4 c5 14. b5 c4 15. g4 Nh6 16. Ng5 Qe8 17. Bg3 Kh8 18. Qc2 Ng8 19. f5 Bh6 20. Bh4 Bxg5 21. Bxg5 f6 22. exf6 Ndxf6 23. Rae1 exf5 24. gxf5 Ne4 25. Nxe4 Qxe4 26. Qxe4 dxe4 27. fxg6 hxg6 28. Rxf8 Rxf8 29. Rf1 Rxf1+ 30. Bxf1 Bd5 31. Bf4 Ne7 32. Bb8 a6 33. bxa6 Nc8 34. a7 e3 35. Bxc4 Bxc4 36. a8Q e2 37. Kf2 1-0

[Event "Mecklenburg VP LL2 Ost 1516"]
[Site "Mecklenburg VP"]
[Date "2016.01.17"]
[Round "5.5"]
[White "Kriese, Ralf"]
[Black "Rosenbusch, Robert Mario"]
[Result "1/2-1/2"]
[WhiteElo "1629"]
[BlackElo "1701"]
[PlyCount "34"]
[EventDate "2015.09.20"]
[EventType "team-tourn"]
[EventRounds "9"]
[EventCountry "GER"]
[SourceTitle "EXT 2022"]
[Source "ChessBase"]
[SourceDate "2021.10.06"]
[SourceVersion "1"]
[SourceVersionDate "2021.10.06"]
[SourceQuality "1"]
[WhiteTeam "Greifswald II"]
[BlackTeam "Bergen Rugia"]
[WhiteTeamCountry "GER"]
[BlackTeamCountry "GER"]

1. e4 e6 2. d4 d5 3. exd5 exd5 4. Bd3 Bd6 5. Nf3 Bg4 6. Bg5 f6 7. Bh4 Nc6 8. c3 g5 9. Bg3 Qd7 10. Bxd6 Qxd6 11. h3 Bd7 12. Qe2+ Nge7 13. Nbd2 0-0-0 14. 0-0-0 Rde8 15. Nf1 Ng6 16. Ne3 Nf4 17. Qc2 Nxd3+ 1/2-1/2

[Event "Mecklenburg VP-ch op"]
[Site "Greifswald"]
[Date "2015.05.02"]
[Round "6.4"]
[White "Hartung, Lothar"]
[Black "Kriese, Ralf"]
[Result "0-1"]
[WhiteElo "1842"]
[BlackElo "1813"]
[PlyCount "126"]
[EventDate "2015.04.30"]
[EventType "swiss"]
[EventRounds "7"]
[EventCountry "GER"]
[SourceTitle "EXT 2023"]
[Source "ChessBase"]
[SourceDate "2022.10.05"]
[SourceVersion "1"]
[SourceVersionDate "2022.10.05"]
[SourceQuality "1"]

1. d4 d5 2. e3 Nf6 3. Bd3 e6 4. b3 c5 5. Nf3 Nc6 6. 0-0 cxd4 7. exd4 Be7 8. Bb2 0-0 9. a3 Ne4 10. Nbd2 f5 11. Ne5 Nxe5 12. dxe5 Nxd2 13. Qxd2 b6 14. Be2 Bb7 15. Bf3 g5 16. h3 Qc7 17. Rac1 Rad8 18. Rfd1 Qc5 19. Qe2 Qc8 20. Qe1 Qb8 21. Be2 Rc8 22. Qd2 Kg7 23. Bb5 Bc6 24. Bd3 Be8 25. Qe2 Bc6 26. c3 Rh8 27. Ba6 Bb7 28. Rc2 h5 29. Bxb7 Qxb7 30. c4 dxc4 31. Rxc4 g4 32. hxg4 hxg4 33. Rxc8 Rxc8 34. Qb5 Kf7 35. a4 Rc2 36. Bd4 Qc6 37. Qd3 Rc1 38. Be3 Rxd1+ 39. Qxd1 a6 40. Qd3 b5 41. axb5 Qxb5 42. Qxb5 axb5 43. Kf1 Ke8 44. Ke2 Kd7 45. f3 gxf3+ 46. Kxf3 Kc6 47. g4 fxg4+ 48. Kxg4 Kd5 49. Bf4 Bd8 50. Kf3 Bc7 51. Bd2 Bxe5 52. Ke3 Bg7 53. Bb4 Bh6+ 54. Kd3 e5 55. Ba5 e4+ 56. Ke2 Kd4 57. Bb4 Bc1 58. Ba5 Bb2 59. Bd2 e3 60. Be1 Bc1 61. Bb4 Bd2 62. Bxd2 exd2 63. Kxd2 b4 0-1

[Event "Mecklenburg VP-ch op"]
[Site "Greifswald"]
[Date "2015.04.30"]
[Round "1.5"]
[White "Fromm, Johannes"]
[Black "Kriese, Ralf"]
[Result "0-1"]
[WhiteElo "1454"]
[BlackElo "1813"]
[PlyCount "50"]
[EventDate "2015.04.30"]
[EventType "swiss"]
[EventRounds "7"]
[EventCountry "GER"]
[SourceTitle "EXT 2023"]
[Source "ChessBase"]
[SourceDate "2022.10.05"]
[SourceVersion "1"]
[SourceVersionDate "2022.10.05"]
[SourceQuality "1"]

1. e4 e6 2. d4 d5 3. Nd2 dxe4 4. Nxe4 Nd7 5. Nf3 Ngf6 6. Ng3 Be7 7. Be2 b6 8. 0-0 Bb7 9. c4 c5 10. h3 0-0 11. Be3 Qc7 12. dxc5 Bxc5 13. Bxc5 Nxc5 14. Qc2 Rfd8 15. Rfd1 h6 16. b3 Qf4 17. Rxd8+ Rxd8 18. Rd1 Qc7 19. Rxd8+ Qxd8 20. Ne5 Qd4 21. Ng4 Nxg4 22. Bxg4 Ne4 23. Bf3 Nxg3 24. Bxb7 Qa1+ 25. Kh2 Nf1+ 0-1

[Event "Mecklenburg VP-ch op"]
[Site "Greifswald"]
[Date "2015.04.30"]
[Round "2.3"]
[White "Kriese, Ralf"]
[Black "Leddin, Mathias"]
[Result "0-1"]
[WhiteElo "1813"]
[BlackElo "1649"]
[PlyCount "70"]
[EventDate "2015.04.30"]
[EventType "swiss"]
[EventRounds "7"]
[EventCountry "GER"]
[SourceTitle "EXT 2023"]
[Source "ChessBase"]
[SourceDate "2022.10.05"]
[SourceVersion "1"]
[SourceVersionDate "2022.10.05"]
[SourceQuality "1"]

1. e4 e5 2. Nf3 Nc6 3. Bc4 Bc5 4. c3 Nge7 5. d4 exd4 6. cxd4 Bb4+ 7. Nc3 d5 8. exd5 Nxd5 9. Bd2 Qe7+ 10. Qe2 Qxe2+ 11. Kxe2 Nb6 12. Bd3 a6 13. Bf4 Bd6 14. Bxd6 cxd6 15. h3 0-0 16. a3 Be6 17. Ne4 Rad8 18. Rac1 Nd5 19. g3 Nde7 20. Bc4 d5 21. Nc5 dxc4 22. Nxe6 fxe6 23. Rxc4 b5 24. Rc5 Nxd4+ 25. Nxd4 Rxd4 26. Rhc1 Rfd8 27. R1c2 R4d5 28. R5c3 Nf5 29. Kf1 Rd1+ 30. Kg2 R1d2 31. Rxd2 Rxd2 32. b3 Rd6 33. a4 bxa4 34. bxa4 Kf7 35. Rc4 Rd4 0-1

[Event "Mecklenburg VP LL2 Ost 1415"]
[Site "Mecklenburg VP"]
[Date "2014.11.09"]
[Round "2.6"]
[White "Kunow, Frank"]
[Black "Kriese, Ralf"]
[Result "1/2-1/2"]
[WhiteElo "1864"]
[BlackElo "1656"]
[PlyCount "133"]
[EventDate "2014.09.21"]
[EventType "team-tourn"]
[EventRounds "9"]
[EventCountry "GER"]
[SourceTitle "EXT 2022"]
[Source "ChessBase"]
[SourceDate "2021.10.06"]
[SourceVersion "1"]
[SourceVersionDate "2021.10.06"]
[SourceQuality "1"]
[WhiteTeam "Neubrandenburg SG Eintracht"]
[BlackTeam "Greifswald II"]
[WhiteTeamCountry "GER"]
[BlackTeamCountry "GER"]

1. Nf3 d5 2. c4 e6 3. g3 Nf6 4. Bg2 Be7 5. 0-0 0-0 6. b3 c6 7. Bb2 Nbd7 8. Nc3 b6 9. d3 Bb7 10. Rc1 c5 11. cxd5 Nxd5 12. Nxd5 Bxd5 13. e3 Nf6 14. Qe2 Qd7 15. e4 Bb7 16. Ne5 Qd6 17. Ng4 Nxg4 18. Qxg4 e5 19. f4 Bf6 20. Qf5 Bc8 21. fxe5 Bxf5 22. exd6 Bxb2 23. exf5 Bxc1 24. Rxc1 Rad8 25. Be4 Rxd6 26. Kf2 Rfd8 27. Ke3 Kf8 28. h4 Ke7 29. g4 h6 30. Rc3 R8d7 31. Kf4 a5 32. a4 Rd4 33. Ke3 g6 34. fxg6 fxg6 35. Rc1 Kf6 36. Rf1+ Kg7 37. h5 gxh5 38. gxh5 R7d6 39. Rg1+ Kf7 40. Bg6+ Kf6 41. Be4 Rb4 42. Rb1 Kg5 43. Bf3 Re6+ 44. Kd2 Rd6 45. Ke3 b5 46. axb5 Rxb5 47. Rg1+ Kf6 48. Rc1 Rxb3 49. Be4 Rb5 50. Rf1+ Ke7 51. Rg1 a4 52. Rg7+ Kd8 53. Ra7 Rb4 54. Kf4 Rxd3 55. Ke5 Rh3 56. Bc6 Rxh5+ 57. Ke6 Rb6 58. Kd6 Rxc6+ 59. Kxc6 Rg5 60. Kd6 Ke8 61. Ke6 Kf8 62. Kf6 Ke8 63. Ke6 Kd8 64. Kd6 Kc8 65. Kc6 Kb8 66. Rxa4 Rg6+ 67. Kxc5 1/2-1/2

[Event "Mecklenburg VP VL 1314"]
[Site "Mecklenburg VP"]
[Date "2014.04.27"]
[Round "9.6"]
[White "Schroeder, Christian"]
[Black "Kriese, Ralf"]
[Result "1/2-1/2"]
[WhiteElo "1879"]
[BlackElo "1684"]
[PlyCount "98"]
[EventDate "2013.10.20"]
[EventType "team-tourn"]
[EventRounds "9"]
[EventCountry "GER"]
[SourceTitle "EXT 2022"]
[Source "ChessBase"]
[SourceDate "2021.10.06"]
[SourceVersion "1"]
[SourceVersionDate "2021.10.06"]
[SourceQuality "1"]
[WhiteTeam "Rostock HSG Uni"]
[BlackTeam "Greifswald II"]
[WhiteTeamCountry "GER"]
[BlackTeamCountry "GER"]

1. c4 e5 2. g3 f5 3. Bg2 Nc6 4. Nc3 Bb4 5. a3 Bxc3 6. bxc3 Nf6 7. d4 0-0 8. Nh3 d6 9. 0-0 Bd7 10. Bg5 Rb8 11. e3 h6 12. Bxf6 Qxf6 13. f4 e4 14. Nf2 Na5 15. g4 Nxc4 16. gxf5 Nxe3 17. Qb3+ Qf7 18. Qxf7+ Kxf7 19. Rfb1 Nxg2 20. Kxg2 Bxf5 21. Rb5 g6 22. Re1 Rfe8 23. Nd1 b6 24. Ne3 Bd7 25. Rb2 Bc6 26. d5 Bd7 27. Rb4 Bf5 28. Nc2 a5 29. Rc4 Rbc8 30. Rd4 c5 31. Rd2 b5 32. Ne3 Rb8 33. Rb2 Ke7 34. Reb1 b4 35. axb4 axb4 36. cxb4 cxb4 37. Rxb4 Rxb4 38. Rxb4 Rc8 39. Rb7+ Kf6 40. Rb6 Rd8 41. Kf2 g5 42. Kg3 h5 43. fxg5+ Kxg5 44. h4+ Kf6 45. Kf4 Bg6 46. Nc4 Ke7 47. Rb7+ Rd7 48. Rxd7+ Kxd7 49. Nd2 Ke7 1/2-1/2